| 000 | 00681nam a22002057a 4500 | ||
|---|---|---|---|
| 005 | 20140925122216.0 | ||
| 010 | _aENG-110914 | ||
| 020 |
_a9788192958262 _c610.00 |
||
| 035 | _aEN-94446 | ||
| 037 | _bDBAD/PUB | ||
| 082 | _a323 | ||
| 100 | _aMishra, Saroj Kr. | ||
| 245 |
_aHuman rights and traditional justice / _cby Saroj Kr. Mishra [and] Ajay Kumar Yadav |
||
| 260 |
_aNew Delhi _bGyan Geeta Prakashan _c2014 |
||
| 270 |
_aF-7, Gali no. 1, Panchsheel Garden Ext. Naveen Shahdara _bNew Delhi _e110032 |
||
| 300 |
_a296p. _c22cm(Hb) |
||
| 500 | _aIncludes bibliographical references and index | ||
| 700 | _aYadav, Ajay Kumar | ||
| 942 |
_2ddc _cEN _mMIS _h323 |
||
| 999 |
_c88833 _d88833 |
||